Top 20 Countries with the Most Native Chinese Languages Speakers - Statistics

General Stats
  • This quiz has been taken 207 times
  • The average score is 17 of 22
Answer Stats
Ranking % # Country % Correct
1 88.0 1,266,740,000 China
100%
5 0.9 2,894,390 United States
99%
2 93.7 22,320,000 Taiwan
97%
13 0.5 667,000 Japan
96%
9 3.2 1,212,600 Canada
95%
7 0.8 2,054,000 Indonesia
93%
4 53.8 3,146,000 Singapore
93%
6 2.6 2,500,000 Vietnam
93%
3 24.2 7,838,700 Malaysia
92%
18 0.4 198,000 South Korea
92%
8 2.4 1,689,000 Thailand
90%
12 3.6 908,270 Australia
87%
10 0.9 1,010,280 Philippines
84%
11 1.8 994,000 Myanmar
80%
17 1.4 231,600 Cambodia
77%
14 0.8 *550,000 France
77%
20 0.3 160,000 Italy
63%
16 0.5 233,000 Spain
63%
- 87.4 6,553,400 Hong Kong
61%
- 83.4 541,800 Macau
58%
19 1.8 *180,000 United Arab Emirates
29%
15 1.4 400,000 Venezuela
6%
No matching quizzes found
Score Distribution
Percent of People with Each Score
Percentile by Number Answered
Your Score History
You have not taken this quiz